• 首页
  • 本馆介绍
  • 公告通知
  • 最新文献
  • 馆藏检索
  • 电子资源
  • 读者导购
  • 参考咨询
  • 我的图书馆
  • 登录
  • 详细信息显示
  • 放入我的书架
  • 预约/预借图书
  • 作者相关作品
  • 分类相关作品
  • 丛书相关作品
  • 出版社相关作品

书目信息

  • 表格格式
  • 工作单格式
  • 卡片格式
题名:
少儿语言艺术训练
    
 
作者: ;语言小博士研发团队 编著
分册: 2   进阶篇
出版信息: 北京   中国传媒大学出版社  2020.1
页数: 120页
开本: 26cm
丛书名:
单 册:
中图分类: H019 , G623.21
科图分类:
主题词: 语言艺术--儿童教育--教材 , 教育--各级
电子资源:
ISBN: 978-7-5657-2621-7
000 00964nam0 2200265 45
001 012001001974
005 20210923082458.69
010    @a978-7-5657-2621-7@dCNY58.00
100    @a20200713d2020 em y0chiy0110 ea
101 0  @achi
102    @aCN@b110000
105    @aa z 000yy
106    @ar
200 1  @a少儿语言艺术训练@Ashao er yu yan yi shu xun lian@i进阶篇@h2@f语言小博士研发团队编著
210    @a北京@c中国传媒大学出版社@d2020.1
215    @a120页@c图@d26cm
300    @a语言小博士系列教材
330    @a本书是为9~12岁的少儿编写的语言训练教材,有语言表达技巧训练、我是小朗诵家、我是小演讲家、我是小主持人、我是小配音家、有感而发六个部分,激发少儿的语言学习的兴趣,培养少儿语言表达能力。
606 0  @a语言艺术@x儿童教育@j教材
606 0  @a教育@x各级
690    @aH019@v5
690    @aG623.21@v3
711 02 @a语言小博士研发团队@Ayu yan xiao bo shi yan fa tuan dui@4编著
801    @aCN@bAHXH@c20210922
905    @b1253117-21@dG623.21@e1733:2@f5
    
    少儿语言艺术训练.进阶篇.2/语言小博士研发团队编著.-北京:中国传媒大学出版社,2020.1
    120页:图;26cm
    语言小博士系列教材
    
    ISBN 978-7-5657-2621-7:CNY58.00
    本书是为9~12岁的少儿编写的语言训练教材,有语言表达技巧训练、我是小朗诵家、我是小演讲家、我是小主持人、我是小配音家、有感而发六个部分,激发少儿的语言学习的兴趣,培养少儿语言表达能力。
●
相关链接 在E读中查询图书 在五车中查询图书 在当当中查询图书 在豆瓣中查询图书


正题名:少儿语言艺术训练     索取号:G623.21/1733:2         预约/预借

序号 登录号 条形码 馆藏地/架位号 状态 备注
1 1253117   212531170   第一样本阅览室/ [索取号:G623.21/1733:2] 在馆    
2 1253118   212531189   教育系资料室/ [索取号:G623.21/1733:2] 在馆    
3 1253119   212531198   教育系资料室/ [索取号:G623.21/1733:2] 在馆    
4 1253120   212531205   第四借阅区/ [索取号:G623.21/1733:2] 在馆    
5 1253121   212531214   第四借阅区/ [索取号:G623.21/1733:2] 在馆    
唐山师范学院图书馆 欢迎您!
大连网信软件有限公司© 版权所有